000 00396nam a22001697a 4500
003 MPLRDC
005 20220104142935.0
008 210129b ||||| |||| 00| 0 eng d
082 _a293 QYBL
100 _a浅野八郎
245 _a体相学
_c陈秋帆译
250 _a八版
260 _a
_b希代书版有限公司
_c1975
300 _b
650 _a命相
942 _cBK
_o293 QYBL
999 _c35092
_d35082